000 00560nam a2200205Ia 4500
003 GCL
008 140319s9999 xx 000 0 eng d
040 _aGCL /
_cGCL
082 0 4 _a153.42
_bM M
100 1 _aMORWITZ, HAROLD J
245 1 0 _aTHE MIND, THE BRAIN, AND THE COMPLEX ADAPTIVE SYSTEMS /
_cMORWITZ, HAROLD J
700 1 _aSINGER, JEROME L
260 _a[S.N] :
_bADDISON - WESLEY PUBLISHING COMPANY ،
_c1995
300 _a237 P
650 0 4 _aTHOUGHT
650 0 4 _aTHINKING
650 0 4 _aMIND
650 0 4 _aADAPTIVE SYSTEMS
942 _2ddc
_cBK
999 _c14993
_d14993